Music Quiz

Random Music or Lyrics Quiz

Hanging by a moment Quiz Stats

 Plays Quiz not verified by Sporcle

Score 0/16 Timer 05:00
0 Plays Today
% Correct
even more in love with you
96.3%
even more in love with you
96.3%
by a moment here with you
89.7%
by a moment here with you
89.7%
starving for truth
80.4%
chasing after you
80.4%
of all i've held on to
76.6%
of all i've held on to
76.6%
% Correct
completely incomplete
63.6%
until you make me move
54.2%
you take all of me
52.3%
nothing else
51.4%
that can change my mind
35.5%
else to find
28%
else to lose
25.2%
untill you make me move
6.5%

You're not logged in!

Compare scores with friends on all Sporcle quizzes.
OR
Log In

You Might Also Like...

Show Comments

Extras

Created Feb 22, 2010ReportNominate
Tags:Lyrics Quiz, hanging, moment

Top Quizzes Today


Score Distribution

Your Account Isn't Verified!

In order to create a playlist on Sporcle, you need to verify the email address you used during registration. Go to your Sporcle Settings to finish the process.

Report this User

Report this user for behavior that violates our Community Guidelines.

Details: